Histoire des juifs / (Record no. 156437)

MARC details
000 -LEADER
campo de control de longitud fija 00953nam a22002415i 4500
001 - NÚMERO DE CONTROL
campo de control 156437
003 - IDENTIFICADOR DE NÚMERO DE CONTROL
campo de control ES-MaACL
005 - FECHA Y HORA DE LA ÚLTIMA TRANSACCIÓN
campo de control 20230906210416.0
008 - DATOS DE LONGITUD FIJA--INFORMACIÓN GENERAL
campo de control de longitud fija 991030s1706 fr |||| | fre d
040 ## - FUENTE DE CATALOGACIÓN
Centro catalogador/agencia de origen CAV
Lengua de catalogación spa
Centro/agencia transcriptor CAV
Centro/agencia modificador AN
100 0# - ENTRADA PRINCIPAL--NOMBRE DE PERSONA
Nombre de persona Josefo, Flavio.
9 (RLIN) 66979
245 10 - MENCIÓN DEL TÍTULO
Título Histoire des juifs /
Mención de responsabilidad, etc. écrite par Flavius Joseph, sous le Titre de Antiquitez Judaiques ; traduite sur l'original grec ... par Monsieur Arnauld D'Andilly ; tome premier.
250 ## - MENCION DE EDICION
Mención de edición Nouvelle edition.
260 ## - PUBLICACIÓN, DISTRIBUCIÓN, ETC.
Lugar de publicación, distribución, etc. A Paris :
Nombre del editor, distribuidor, etc. chez Louis Roulland ...,
Fecha de publicación, distribución, etc. 1706.
300 ## - DESCRIPCIÓN FÍSICA
Extensión [2] en bl., [22], 500, [16] p., [3] h. en bl. ;
Dimensiones 12º.
597 ## - NOTA DE DESCRIPCIÓN FÍSICA
NOTA DE DESCRIPCIÓN FÍSICA Sign.: 4ã10, A-X12, Y12.
597 ## - NOTA DE DESCRIPCIÓN FÍSICA
NOTA DE DESCRIPCIÓN FÍSICA Port. con viñeta xil.
597 ## - NOTA DE DESCRIPCIÓN FÍSICA
NOTA DE DESCRIPCIÓN FÍSICA Antep.
650 #4 - PUNTO DE ACCESO ADICIONAL DE MATERIA--TÉRMINO DE MATERIA
Término de materia o nombre geográfico como elemento de entrada Judíos-
Subdivisión general Historia-
Subdivisión cronológica Hasta 70 d.C.
9 (RLIN) 13997
700 1# - ENTRADA AGREGADA--NOMBRE PERSONAL
Nombre de persona Arnaud d'Andilly, Robert (
Fechas asociadas al nombre 1588-1674)
9 (RLIN) 125710
852 ## - LOCALIZACIÓN
Ubicación ES-MaACL
Número de control de estantería R-584-88
Nota libre -- Enc. piel original de la época
Encuadernación Olim: D-3953-7
Holdings
Estatus retirado Estado de pérdida Estado de daño No para préstamo Colección Biblioteca de origen Biblioteca actual Ubicación en estantería Fecha de adquisición Total de préstamos Signatura topográfica completa Código de barras Visto por última vez Precio de reemplazo Tipo de ítem Koha
        Libros del s. XVIII Biblioteca del Ateneo de Madrid Biblioteca del Ateneo de Madrid Depósito 17/01/2008   R-584-88 1163667 23/02/2023 23/02/2023 Libro impreso antiguo